000 00284nam a22001337a 4500
008 170929b xxu||||| |||| 00| 0 eng d
020 _a0312667655
041 _aeng
080 _a37
100 _a47
101 _aEDU
245 _aMIRROR ON AMERICA
_cMIMS.J.T
942 _2udc
_cBK
999 _c30747
_d30747